| 000 | 00380pam a2200145 i 4500 | ||
|---|---|---|---|
| 020 | _a0849326613 | ||
| 040 | _cDLC | ||
| 082 | 0 | 0 | _a333 CRC 1980 A068 Or. |
| 245 | 0 | 0 | _aHandbook of energy utilization in agriculture / |
| 260 |
_aBoca Raton, Fla. : _bCRC Press, _cc1980. |
||
| 300 |
_a475 p. : _bill. ; _c26 cm. |
||
| 650 | 0 | _aAgriculture | |
| 700 | 1 | _aPimentel, David, | |
| 942 | _cEK | ||
| 999 |
_c14736 _d14736 |
||